[Event "DEM U12 2018"]
[Site "Willingen GER"]
[Date "2018.05.24"]
[Round "8"]
[White "Tham, Nam"]
[Black "Metzdorf, Matteo"]
[Result "1-0"]
[Termination "normal"]
[Board "1"]
[WhiteElo "1866"]
[BlackElo "1832"]
[WhiteClock "00:29:54"]
[BlackClock "00:02:24"]
[PlyCount "57"]
[WhiteFideId "12997331"]
[BlackFideId "16209869"]
[EventCountry "GER"]
[EventRounds "11"]
[EventType "swiss"]
[EventDate "2018.05.19"]

1. e4 {[%clk 1:15:56]} 1... e6 {[%clk 1:15:53]} 2. d4 {[%clk 1:16:21]} 2... d5
{[%clk 1:16:14]} 3. Nc3 {[%clk 1:16:47]} 3... Nf6 {[%clk 1:16:36]} 4. e5 {
[%clk 1:17:13]} 4... Nfd7 {[%clk 1:17:00]} 5. f4 {[%clk 1:17:40]} 5... c5 {
[%clk 1:17:23]} 6. Nf3 {[%clk 1:18:06]} 6... Nc6 {[%clk 1:17:50]} 7. Be3 {
[%clk 1:18:27]} 7... a6 {[%clk 1:18:15]} 8. Qd2 {[%clk 1:18:53]} 8... b5 {
[%clk 1:18:41]} 9. dxc5 {[%clk 1:19:19]} 9... Bxc5 {[%clk 1:19:02]} 10. Bxc5 {
[%clk 1:19:45]} 10... Nxc5 {[%clk 1:19:21]} 11. Qf2 {[%clk 1:20:09]} 11... Qb6
{[%clk 1:18:43]} 12. Bd3 {[%clk 1:20:30]} 12... b4 {[%clk 1:17:58]} 13. Ne2 {
[%clk 1:20:51]} 13... a5 {[%clk 1:15:33]} 14. O-O {[%clk 1:18:32]} 14... Rb8 {
[%clk 1:06:01]} 15. Kh1 {[%clk 1:14:01]} 15... b3 {[%clk 0:55:25]} 16. Ned4 {
[%clk 1:09:26]} 16... Nxd3 {[%clk 0:40:09]} 17. cxd3 {[%clk 1:09:35]} 17... Nb4
{[%clk 0:39:59]} 18. axb3 {[%clk 0:58:18]} 18... Nxd3 {[%clk 0:33:40]} 19. Qe3
{[%clk 0:57:11]} 19... Ba6 {[%clk 0:27:06]} 20. Rfd1 {[%clk 0:56:43]} 20... Nb4
21. Rac1 {[%clk 0:46:37]} 21... O-O {[%clk 0:13:24]} 22. Rc3 {[%clk 0:40:19]}
22... h6 {[%clk 0:09:50]} 23. f5 {[%clk 0:32:22]} 23... Rfc8 {[%clk 0:08:44]}
24. f6 {[%clk 0:31:19]} 24... Rc7 {[%clk 0:05:56]} 25. fxg7 {[%clk 0:31:42]}
25... Kxg7 {[%clk 0:06:14]} 26. Qf4 {[%clk 0:30:46]} 26... Rg8 {[%clk 0:03:49]}
27. Qf6+ {[%clk 0:30:00]} 27... Kh7 {[%clk 0:03:48]} 28. Nf5 {[%clk 0:29:41]}
28... Rg6 {[%clk 0:02:24]} 29. Ng5+ {[%clk 0:29:54]} 1-0

[Event "DEM U12 2018"]
[Site "Willingen GER"]
[Date "2018.05.24"]
[Round "8"]
[White "Werner, Denis"]
[Black "Wagner, Leopold Franziskus"]
[Result "1-0"]
[Termination "normal"]
[Board "2"]
[WhiteElo "1706"]
[BlackElo "2234"]
[WhiteClock "00:42:58"]
[BlackClock "00:01:36"]
[PlyCount "127"]
[WhiteFideId "16226429"]
[BlackFideId "1641581"]
[EventCountry "GER"]
[EventRounds "11"]
[EventType "swiss"]
[EventDate "2018.05.19"]

1. e4 {[%clk 1:15:53]} 1... c5 {[%clk 1:15:46]} 2. c3 {[%clk 1:15:43]} 2... Nf6
{[%clk 1:15:34]} 3. e5 {[%clk 1:15:24]} 3... Nd5 {[%clk 1:15:34]} 4. d4 { [%clk
1:15:00]} 4... cxd4 {[%clk 1:15:38]} 5. Qxd4 {[%clk 1:15:03]} 5... e6 { [%clk
1:13:23]} 6. Nf3 {[%clk 1:13:44]} 6... Nc6 {[%clk 1:12:51]} 7. Qe4 { [%clk
1:12:51]} 7... a6 {[%clk 1:09:54]} 8. Nbd2 {[%clk 1:09:12]} 8... b5 { [%clk
1:07:51]} 9. c4 {[%clk 1:06:55]} 9... Nc7 {[%clk 1:03:38]} 10. Bd3 { [%clk
1:04:13]} 10... Bb7 {[%clk 1:02:50]} 11. Qe2 {[%clk 1:03:04]} 11... Be7 { [%clk
0:56:06]} 12. O-O {[%clk 1:00:52]} 12... O-O {[%clk 0:48:58]} 13. Ne4 { [%clk
0:57:02]} 13... bxc4 {[%clk 0:45:56]} 14. Bxc4 {[%clk 0:55:54]} 14... Nb5
{[%clk 0:45:32]} 15. Rd1 {[%clk 0:53:54]} 15... Qc7 {[%clk 0:42:09]} 16. Bf4 {
[%clk 0:49:15]} 16... Nb4 {[%clk 0:38:08]} 17. Rac1 {[%clk 0:45:47]} 17... Bc6
{[%clk 0:35:23]} 18. a3 {[%clk 0:43:36]} 18... Nd5 {[%clk 0:35:23]} 19. Bxd5 {
[%clk 0:43:25]} 19... exd5 {[%clk 0:35:21]} 20. Rxd5 {[%clk 0:43:26]} 20...
Bxd5 {[%clk 0:34:50]} 21. Rxc7 {[%clk 0:43:28]} 21... Nxc7 {[%clk 0:35:12]} 22.
Qd3 {[%clk 0:42:48]} 22... Bxe4 {[%clk 0:34:31]} 23. Qxe4 {[%clk 0:43:08]}
23... Ne6 {[%clk 0:34:12]} 24. Be3 {[%clk 0:43:00]} 24... Rab8 {[%clk 0:33:42]}
25. b4 {[%clk 0:42:41]} 25... Rfd8 {[%clk 0:33:09]} 26. g3 {[%clk 0:42:18]}
26... d5 {[%clk 0:31:53]} 27. exd6 {[%clk 0:42:04]} 27... Bxd6 {[%clk 0:32:19]}
28. Ng5 {[%clk 0:41:47]} 28... Nxg5 {[%clk 0:28:00]} 29. Bxg5 {[%clk 0:41:56]}
29... f6 {[%clk 0:21:09]} 30. Be3 {[%clk 0:41:05]} 30... Kh8 {[%clk 0:18:29]}
31. Qc6 {[%clk 0:39:54]} 31... Be5 {[%clk 0:14:22]} 32. Qxa6 {[%clk 0:38:01]}
32... Ra8 {[%clk 0:14:06]} 33. Qb6 {[%clk 0:37:32]} 33... Rdb8 {[%clk 0:13:53]}
34. Qc6 {[%clk 0:35:33]} 34... Rxa3 {[%clk 0:07:18]} 35. b5 {[%clk 0:35:36]}
35... Rd3 {[%clk 0:03:40]} 36. b6 {[%clk 0:33:47]} 36... Rd6 {[%clk 0:03:08]}
37. Qa4 {[%clk 0:33:59]} 37... h6 {[%clk 0:01:25]} 38. f4 {[%clk 0:33:37]}
38... Bc3 {[%clk 0:00:46]} 39. Kf2 {[%clk 0:33:25]} 39... Rdd8 {[%clk 0:00:33]}
40. Kf3 {[%clk 0:31:49]} 40... f5 {[%clk 0:00:44]} 41. Qa7 {[%clk 0:29:46]}
41... Ra8 {[%clk 0:11:25]} 42. Qc7 {[%clk 0:43:56]} 42... Rac8 {[%clk 0:10:31]}
43. Qf7 {[%clk 0:43:23]} 43... Ba5 {[%clk 0:06:37]} 44. b7 {[%clk 0:42:33]}
44... Rc7 {[%clk 0:06:21]} 45. Qxf5 {[%clk 0:42:46]} 45... Rxb7 {[%clk 0:06:11]
} 46. Qxa5 {[%clk 0:43:08]} 46... Rbd7 {[%clk 0:05:06]} 47. Qe5 {[%clk 0:42:23]
} 47... Rd5 {[%clk 0:05:17]} 48. Qe7 {[%clk 0:42:22]} 48... R5d7 { [%clk
0:05:39]} 49. Qe4 {[%clk 0:42:46]} 49... Rd5 {[%clk 0:04:44]} 50. Bb6 { [%clk
0:42:15]} 50... R8d7 {[%clk 0:03:58]} 51. g4 {[%clk 0:41:18]} 51... Rd3+ {[%clk
0:03:59]} 52. Be3 {[%clk 0:41:41]} 52... Rd8 {[%clk 0:03:56]} 53. h4 { [%clk
0:41:47]} 53... R3d6 {[%clk 0:03:49]} 54. f5 {[%clk 0:41:54]} 54... Kg8 { [%clk
0:04:03]} 55. g5 {[%clk 0:41:36]} 55... hxg5 {[%clk 0:03:11]} 56. hxg5 { [%clk
0:42:01]} 56... Rd5 {[%clk 0:00:52]} 57. Qc4 {[%clk 0:41:46]} 57... Kh8 { [%clk
0:00:58]} 58. Qe4 {[%clk 0:42:04]} 58... R5d6 {[%clk 0:00:47]} 59. g6 { [%clk
0:42:20]} 59... Rd5 {[%clk 0:00:37]} 60. Bg5 {[%clk 0:41:56]} 60... Rd3+ {[%clk
0:00:45]} 61. Ke2 {[%clk 0:42:15]} 61... R3d4 {[%clk 0:00:45]} 62. Qh1+ {[%clk
0:42:34]} 62... Kg8 {[%clk 0:01:12]} 63. Qh7+ {[%clk 0:42:58]} 63... Kf8 {[%clk
0:01:36]} 64. Qh8# 1-0

[Event "DEM U12 2018"]
[Site "Willingen GER"]
[Date "2018.05.24"]
[Round "8"]
[White "Eilenberg, Jonas"]
[Black "Farokhi, Keyvan"]
[Result "1-0"]
[Termination "normal"]
[Board "3"]
[WhiteElo "1852"]
[BlackElo "1844"]
[WhiteClock "00:35:28"]
[BlackClock "00:04:54"]
[PlyCount "99"]
[WhiteFideId "16204271"]
[BlackFideId "12998630"]
[EventCountry "GER"]
[EventRounds "11"]
[EventType "swiss"]
[EventDate "2018.05.19"]

1. d4 {[%clk 1:15:57]} 1... d5 {[%clk 1:15:41]} 2. Nf3 {[%clk 1:16:04]} 2...
Nf6 {[%clk 1:14:42]} 3. Nbd2 {[%clk 1:15:52]} 3... e6 {[%clk 1:12:39]} 4. c4 {
[%clk 1:15:45]} 4... Be7 {[%clk 1:10:35]} 5. e3 {[%clk 1:15:57]} 5... O-O {
[%clk 1:10:49]} 6. Bd3 {[%clk 1:16:21]} 6... Nbd7 {[%clk 1:09:09]} 7. O-O {
[%clk 1:16:40]} 7... b6 {[%clk 1:09:07]} 8. b3 {[%clk 1:16:10]} 8... Bb7 {
[%clk 1:08:37]} 9. Bb2 {[%clk 1:16:12]} 9... Ne4 {[%clk 1:05:51]} 10. Qc2 {
[%clk 1:15:26]} 10... Ndf6 {[%clk 1:05:42]} 11. Ne5 {[%clk 1:15:02]} 11... Nxd2
{[%clk 1:03:56]} 12. Qxd2 {[%clk 1:15:24]} 12... Ne4 {[%clk 1:02:33]} 13. Qc2 {
[%clk 1:14:31]} 13... f6 {[%clk 0:55:08]} 14. Nf3 {[%clk 1:14:23]} 14... f5 {
[%clk 0:47:31]} 15. Rac1 {[%clk 1:11:37]} 15... c5 {[%clk 0:46:45]} 16. Rfd1 {
[%clk 1:09:40]} 16... Qe8 {[%clk 0:42:46]} 17. Qe2 {[%clk 1:01:20]} 17... g5 {
[%clk 0:33:52]} 18. Ne5 {[%clk 1:00:48]} 18... g4 {[%clk 0:29:16]} 19. Bxe4 {
[%clk 0:58:39]} 19... dxe4 {[%clk 0:29:35]} 20. dxc5 {[%clk 0:57:50]} 20...
bxc5 {[%clk 0:26:22]} 21. Nd7 {[%clk 0:57:36]} 21... Rd8 {[%clk 0:14:25]} 22.
Nxf8 {[%clk 0:57:39]} 22... Qxf8 {[%clk 0:14:46]} 23. Rxd8 {[%clk 0:56:55]}
23... Bxd8 {[%clk 0:15:11]} 24. Qd2 {[%clk 0:56:17]} 24... Bc6 {[%clk 0:15:26]}
25. Rd1 {[%clk 0:55:30]} 25... Bc7 {[%clk 0:15:50]} 26. Qc3 {[%clk 0:52:37]}
26... e5 {[%clk 0:15:16]} 27. a3 {[%clk 0:49:44]} 27... a5 {[%clk 0:15:18]} 28.
Rb1 {[%clk 0:46:47]} 28... Qd6 {[%clk 0:12:53]} 29. Qe1 {[%clk 0:44:45]} 29...
Qe6 {[%clk 0:08:38]} 30. Rc1 {[%clk 0:42:06]} 30... f4 {[%clk 0:03:55]} 31.
exf4 {[%clk 0:41:50]} 31... exf4 {[%clk 0:04:24]} 32. Qc3 {[%clk 0:41:40]}
32... Qh6 {[%clk 0:04:49]} 33. Qf6 {[%clk 0:41:16]} 33... Qxf6 {[%clk 0:04:56]}
34. Bxf6 {[%clk 0:41:45]} 34... Kf7 {[%clk 0:05:09]} 35. Bc3 {[%clk 0:41:39]}
35... h5 {[%clk 0:04:24]} 36. g3 {[%clk 0:37:48]} 36... e3 {[%clk 0:02:38]} 37.
Re1 {[%clk 0:30:35]} 37... exf2+ {[%clk 0:01:26]} 38. Kxf2 {[%clk 0:31:00]}
38... fxg3+ {[%clk 0:01:27]} 39. hxg3 {[%clk 0:31:19]} 39... h4 {[%clk 0:01:08]
} 40. gxh4 {[%clk 0:29:57]} 40... g3+ {[%clk 0:01:24]} 41. Kg1 {[%clk 0:30:19]}
41... g2 {[%clk 0:14:15]} 42. Be5 {[%clk 0:44:33]} 42... Bd8 {[%clk 0:14:11]}
43. Bg3 {[%clk 0:44:15]} 43... Bf6 {[%clk 0:11:45]} 44. Bf2 {[%clk 0:43:33]}
44... Bf3 {[%clk 0:07:20]} 45. Re3 {[%clk 0:39:04]} 45... Bc6 {[%clk 0:07:09]}
46. Rh3 {[%clk 0:36:56]} 46... Be7 {[%clk 0:06:30]} 47. h5 {[%clk 0:36:35]}
47... Kg7 {[%clk 0:06:45]} 48. h6+ {[%clk 0:36:20]} 48... Kh7 {[%clk 0:06:56]}
49. Rh5 {[%clk 0:35:15]} 49... Bf8 {[%clk 0:04:54]} 50. Bxc5 {[%clk 0:35:28]}
1-0

[Event "DEM U12 2018"]
[Site "Willingen GER"]
[Date "2018.05.24"]
[Round "8"]
[White "Chassard, Cedric"]
[Black "Schubert, Nikita"]
[Result "0-1"]
[Termination "normal"]
[Board "4"]
[WhiteElo "1590"]
[BlackElo "1802"]
[WhiteClock "00:39:07"]
[BlackClock "00:04:55"]
[PlyCount "138"]
[WhiteFideId "16243536"]
[BlackFideId "16212339"]
[EventCountry "GER"]
[EventRounds "11"]
[EventType "swiss"]
[EventDate "2018.05.19"]

1. e4 {[%clk 1:15:59]} 1... e5 {[%clk 1:15:56]} 2. Nf3 {[%clk 1:16:24]} 2...
Nc6 {[%clk 1:16:22]} 3. Bc4 {[%clk 1:16:51]} 3... Nf6 {[%clk 1:16:47]} 4. d3 {
[%clk 1:17:08]} 4... Bc5 {[%clk 1:17:01]} 5. Nc3 {[%clk 1:16:55]} 5... O-O {
[%clk 1:17:04]} 6. O-O {[%clk 1:16:30]} 6... Be7 {[%clk 1:12:02]} 7. Ne2 {
[%clk 1:12:41]} 7... d6 {[%clk 1:10:57]} 8. Ng3 {[%clk 1:12:57]} 8... Na5 {
[%clk 1:10:45]} 9. Bb3 {[%clk 1:12:41]} 9... Nxb3 {[%clk 1:09:40]} 10. axb3 {
[%clk 1:12:46]} 10... c6 {[%clk 0:57:41]} 11. Qe2 {[%clk 1:09:46]} 11... Re8 {
[%clk 0:55:02]} 12. Be3 {[%clk 1:08:43]} 12... a6 {[%clk 0:51:30]} 13. h3 {
[%clk 1:06:56]} 13... Qc7 {[%clk 0:49:45]} 14. Rfe1 {[%clk 1:04:21]} 14... h6 {
[%clk 0:37:12]} 15. Bd2 {[%clk 1:00:03]} 15... Be6 {[%clk 0:35:06]} 16. Nh4 {
[%clk 0:49:08]} 16... Nxe4 {[%clk 0:20:22]} 17. Qxe4 {[%clk 0:49:01]} 17... d5
{[%clk 0:20:24]} 18. Qxe5 {[%clk 0:48:31]} 18... Qxe5 19. Rxe5 {[%clk 0:48:55]}
19... Bxh4 {[%clk 0:21:02]} 20. c3 {[%clk 0:47:28]} 20... Bf6 {[%clk 0:12:50]}
21. Re2 {[%clk 0:46:45]} 21... c5 {[%clk 0:11:41]} 22. Rae1 {[%clk 0:45:51]}
22... Red8 {[%clk 0:10:18]} 23. Nh5 {[%clk 0:44:26]} 23... Be7 {[%clk 0:08:37]}
24. Nf4 {[%clk 0:44:29]} 24... Rd6 {[%clk 0:03:43]} 25. Nxe6 {[%clk 0:44:37]}
25... fxe6 {[%clk 0:03:36]} 26. Rxe6 {[%clk 0:44:47]} 26... Rxe6 { [%clk
0:04:02]} 27. Rxe6 {[%clk 0:45:12]} 27... Kf7 {[%clk 0:04:29]} 28. Re1 { [%clk
0:45:00]} 28... Bf6 {[%clk 0:04:24]} 29. Bf4 {[%clk 0:44:47]} 29... Rc8 { [%clk
0:04:03]} 30. Kf1 {[%clk 0:44:22]} 30... Rc6 {[%clk 0:04:10]} 31. Bg3 { [%clk
0:43:23]} 31... Rb6 {[%clk 0:04:18]} 32. Be5 {[%clk 0:38:30]} 32... Rxb3 {[%clk
0:03:29]} 33. Bxf6 {[%clk 0:38:19]} 33... Kxf6 {[%clk 0:03:52]} 34. Re2 {[%clk
0:38:25]} 34... Rb6 {[%clk 0:01:39]} 35. f4 {[%clk 0:38:13]} 35... Re6 { [%clk
0:01:18]} 36. Rd2 {[%clk 0:36:54]} 36... Kf5 {[%clk 0:01:33]} 37. g3 { [%clk
0:37:08]} 37... h5 {[%clk 0:01:26]} 38. Kf2 {[%clk 0:36:49]} 38... h4 { [%clk
0:01:27]} 39. gxh4 {[%clk 0:36:38]} 39... Kxf4 {[%clk 0:01:43]} 40. d4 { [%clk
0:34:25]} 40... c4 {[%clk 0:01:40]} 41. Kg2 {[%clk 0:34:13]} 41... Rg6+ { [%clk
0:01:02]} 42. Kf1 {[%clk 0:32:10]} 42... Rg3 {[%clk 0:09:55]} 43. Re2 { [%clk
0:46:00]} 43... Re3 {[%clk 0:09:52]} 44. Rg2 {[%clk 0:45:46]} 44... Rg3 { [%clk
0:09:28]} 45. Re2 {[%clk 0:45:58]} 45... Re3 {[%clk 0:09:46]} 46. Rg2 { [%clk
0:46:23]} 46... Re7 {[%clk 0:10:03]} 47. Rg5 {[%clk 0:45:41]} 47... Rf7 { [%clk
0:09:15]} 48. Ke2 {[%clk 0:45:26]} 48... Ke4 {[%clk 0:07:17]} 49. Re5+ { [%clk
0:45:26]} 49... Kf4 {[%clk 0:07:26]} 50. Rxd5 {[%clk 0:45:33]} 50... Kg3 {[%clk
0:07:49]} 51. Kd2 {[%clk 0:44:55]} 51... Kxh4 {[%clk 0:05:24]} 52. Rd8 { [%clk
0:42:58]} 52... Kxh3 {[%clk 0:05:01]} 53. d5 {[%clk 0:42:54]} 53... g5 { [%clk
0:04:29]} 54. d6 {[%clk 0:41:50]} 54... g4 {[%clk 0:04:58]} 55. d7 { [%clk
0:42:00]} 55... Kg2 {[%clk 0:05:23]} 56. Ke3 {[%clk 0:41:12]} 56... g3 { [%clk
0:04:25]} 57. Ke2 {[%clk 0:40:43]} 57... Kg1 {[%clk 0:03:29]} 58. Ke1 { [%clk
0:40:50]} 58... Re7+ {[%clk 0:02:35]} 59. Kd2 {[%clk 0:41:04]} 59... g2 { [%clk
0:02:19]} 60. Kd1 {[%clk 0:41:16]} 60... b5 {[%clk 0:02:16]} 61. Kd2 { [%clk
0:40:44]} 61... a5 {[%clk 0:02:39]} 62. Kd1 {[%clk 0:39:29]} 62... b4 { [%clk
0:03:03]} 63. cxb4 {[%clk 0:39:55]} 63... axb4 {[%clk 0:03:32]} 64. Kd2 { [%clk
0:40:03]} 64... Rf7 {[%clk 0:03:46]} 65. Ke2 {[%clk 0:40:16]} 65... c3 { [%clk
0:03:58]} 66. bxc3 {[%clk 0:40:19]} 66... bxc3 {[%clk 0:04:27]} 67. Ke1 { [%clk
0:38:37]} 67... c2 {[%clk 0:04:49]} 68. Rc8 {[%clk 0:38:43]} 68... Rxd7 { [%clk
0:05:00]} 69. Rxc2 {[%clk 0:39:07]} 69... Kh1 {[%clk 0:04:55]} 0-1

[Event "DEM U12 2018"]
[Site "Willingen GER"]
[Date "2018.05.24"]
[Round "8"]
[White "Laux, Dominik"]
[Black "Hecht, Jonas Christian"]
[Result "1/2-1/2"]
[Termination "normal"]
[Board "7"]
[WhiteElo "1889"]
[BlackElo "1678"]
[WhiteClock "00:10:33"]
[BlackClock "00:09:43"]
[PlyCount "87"]
[WhiteFideId "12994219"]
[BlackFideId "16214846"]
[EventCountry "GER"]
[EventRounds "11"]
[EventType "swiss"]
[EventDate "2018.05.19"]

1. d4 {[%clk 1:15:45]} 1... Nf6 {[%clk 1:15:42]} 2. Bf4 {[%clk 1:15:58]} 2...
e6 {[%clk 1:15:32]} 3. e3 {[%clk 1:16:18]} 3... c5 {[%clk 1:14:59]} 4. c3 {
[%clk 1:16:25]} 4... b6 {[%clk 1:14:44]} 5. Nf3 {[%clk 1:16:32]} 5... Ba6 {
[%clk 1:14:09]} 6. Bxa6 {[%clk 1:15:46]} 6... Nxa6 {[%clk 1:13:50]} 7. Nbd2 {
[%clk 1:15:52]} 7... Be7 {[%clk 1:09:51]} 8. h3 {[%clk 1:13:46]} 8... O-O {
[%clk 1:09:25]} 9. O-O {[%clk 1:13:50]} 9... Qc8 {[%clk 1:07:35]} 10. Rc1 {
[%clk 1:11:38]} 10... Rd8 {[%clk 1:05:21]} 11. Qe2 {[%clk 1:09:11]} 11... Qb7 {
[%clk 1:03:04]} 12. Rfe1 {[%clk 1:03:32]} 12... Rac8 {[%clk 0:57:09]} 13. a3 {
[%clk 0:55:33]} 13... Nc7 {[%clk 0:47:34]} 14. e4 {[%clk 0:51:22]} 14... d6 {
[%clk 0:42:26]} 15. Nh2 {[%clk 0:40:36]} 15... Qa6 {[%clk 0:40:27]} 16. Qxa6 {
[%clk 0:39:42]} 16... Nxa6 {[%clk 0:40:52]} 17. Nhf1 {[%clk 0:39:13]} 17... Nb8
{[%clk 0:35:15]} 18. f3 {[%clk 0:35:01]} 18... Nc6 {[%clk 0:34:45]} 19. Nb3 {
[%clk 0:33:46]} 19... Rd7 {[%clk 0:25:23]} 20. Red1 {[%clk 0:30:23]} 20... d5 {
[%clk 0:16:40]} 21. e5 {[%clk 0:24:13]} 21... Nh5 {[%clk 0:16:39]} 22. Be3 {
[%clk 0:22:29]} 22... c4 {[%clk 0:16:13]} 23. Nbd2 {[%clk 0:21:11]} 23... g6 {
[%clk 0:15:57]} 24. g4 {[%clk 0:19:21]} 24... Ng7 {[%clk 0:16:16]} 25. Ng3 {
[%clk 0:19:14]} 25... a5 {[%clk 0:14:23]} 26. f4 {[%clk 0:15:21]} 26... b5 {
[%clk 0:13:34]} 27. Kg2 {[%clk 0:12:15]} 27... Ra7 {[%clk 0:12:05]} 28. f5 {
[%clk 0:10:16]} 28... Bf8 {[%clk 0:08:13]} 29. Rf1 {[%clk 0:08:47]} 29... Raa8
{[%clk 0:07:53]} 30. Rf3 {[%clk 0:07:35]} 30... b4 {[%clk 0:07:31]} 31. fxg6 {
[%clk 0:05:02]} 31... fxg6 {[%clk 0:06:58]} 32. a4 {[%clk 0:04:33]} 32... Be7 {
[%clk 0:06:58]} 33. Kf2 {[%clk 0:04:06]} 33... Rf8 {[%clk 0:07:23]} 34. Ke2 {
[%clk 0:04:14]} 34... bxc3 {[%clk 0:06:20]} 35. Rxf8+ {[%clk 0:03:51]} 35...
Rxf8 {[%clk 0:06:30]} 36. Rxc3 {[%clk 0:03:56]} 36... Rb8 {[%clk 0:06:14]} 37.
b3 {[%clk 0:03:35]} 37... Bb4 {[%clk 0:06:35]} 38. Rc2 {[%clk 0:02:57]} 38...
Bxd2 {[%clk 0:07:01]} 39. Kxd2 {[%clk 0:02:38]} 39... Rxb3 {[%clk 0:07:12]} 40.
Rc3 {[%clk 0:02:46]} 40... Rb4 {[%clk 0:05:54]} 41. Ra3 {[%clk 0:02:46]} 41...
Rb2+ {[%clk 0:05:29]} 42. Ke1 {[%clk 0:00:58]} 42... Nb4 {[%clk 0:03:14]} 43.
Kd1 {[%clk 0:13:23]} 43... Na2 {[%clk 0:09:43]} 44. Bd2 {[%clk 0:10:33]}
1/2-1/2

[Event "DEM U12 2018"]
[Site "Willingen GER"]
[Date "2018.05.24"]
[Round "8"]
[White "Garner, Isaac"]
[Black "Hommer, Jeremy"]
[Result "1/2-1/2"]
[Termination "normal"]
[Board "8"]
[WhiteElo "1751"]
[BlackElo "1897"]
[WhiteClock "00:14:10"]
[BlackClock "00:01:08"]
[PlyCount "81"]
[WhiteFideId "16239261"]
[BlackFideId "12992577"]
[EventCountry "GER"]
[EventRounds "11"]
[EventType "swiss"]
[EventDate "2018.05.19"]

1. e4 {[%clk 1:15:58]} 1... e6 {[%clk 1:15:52]} 2. d4 {[%clk 1:16:23]} 2... d5
{[%clk 1:16:18]} 3. Nd2 {[%clk 1:16:47]} 3... Nf6 {[%clk 1:16:41]} 4. e5 {
[%clk 1:17:09]} 4... Nfd7 {[%clk 1:17:06]} 5. Bd3 {[%clk 1:17:32]} 5... c5 {
[%clk 1:17:17]} 6. c3 {[%clk 1:17:56]} 6... Nc6 {[%clk 1:17:14]} 7. Ne2 { [%clk
1:18:18]} 7... cxd4 {[%clk 1:16:46]} 8. cxd4 {[%clk 1:18:40]} 8... f6 { [%clk
1:15:40]} 9. exf6 {[%clk 1:19:03]} 9... Qxf6 {[%clk 1:07:00]} 10. Nf3 { [%clk
1:18:33]} 10... h6 {[%clk 0:59:23]} 11. O-O {[%clk 1:12:16]} 11... Bd6 { [%clk
0:58:06]} 12. Re1 {[%clk 1:09:22]} 12... O-O {[%clk 0:55:36]} 13. Be3 { [%clk
1:06:09]} 13... Rd8 {[%clk 0:51:02]} 14. Nc3 {[%clk 0:45:42]} 14... Nf8 { [%clk
0:44:55]} 15. Rc1 {[%clk 0:39:05]} 15... Bd7 {[%clk 0:38:27]} 16. a3 { [%clk
0:36:21]} 16... Be8 {[%clk 0:36:22]} 17. Rc2 {[%clk 0:26:17]} 17... Bh5 { [%clk
0:35:49]} 18. Be2 {[%clk 0:26:33]} 18... Rac8 {[%clk 0:31:38]} 19. h3 { [%clk
0:15:05]} 19... a6 {[%clk 0:22:43]} 20. Nh2 {[%clk 0:12:23]} 20... Bg6 { [%clk
0:20:16]} 21. Bd3 {[%clk 0:11:28]} 21... Bxd3 {[%clk 0:11:00]} 22. Qxd3 { [%clk
0:11:29]} 22... b5 {[%clk 0:10:06]} 23. Ng4 {[%clk 0:07:13]} 23... Qg6 { [%clk
0:10:33]} 24. Qxg6 {[%clk 0:06:56]} 24... Nxg6 {[%clk 0:11:02]} 25. Rec1 {[%clk
0:06:09]} 25... Na5 {[%clk 0:09:40]} 26. Ne2 {[%clk 0:04:05]} 26... Rxc2 {[%clk
0:09:35]} 27. Rxc2 {[%clk 0:04:34]} 27... Nc4 {[%clk 0:09:29]} 28. Bc1 { [%clk
0:03:19]} 28... Kf7 {[%clk 0:07:59]} 29. f4 {[%clk 0:02:37]} 29... Ne7 { [%clk
0:06:40]} 30. Ne5+ {[%clk 0:02:32]} 30... Bxe5 {[%clk 0:06:59]} 31. fxe5 {[%clk
0:02:37]} 31... g5 {[%clk 0:07:18]} 32. b3 {[%clk 0:02:15]} 32... Na5 { [%clk
0:07:21]} 33. Rc3 {[%clk 0:01:32]} 33... Rc8 {[%clk 0:06:11]} 34. Rxc8 { [%clk
0:01:21]} 34... Nxc8 {[%clk 0:06:40]} 35. b4 {[%clk 0:01:00]} 35... Nc4 { [%clk
0:05:57]} 36. g4 {[%clk 0:00:54]} 36... Ne7 {[%clk 0:05:47]} 37. Kf1 { [%clk
0:00:43]} 37... Nc6 {[%clk 0:05:55]} 38. Ke1 {[%clk 0:01:06]} 38... Ke7 { [%clk
0:04:57]} 39. Kd1 {[%clk 0:01:25]} 39... Kf7 {[%clk 0:03:06]} 40. Kc2 { [%clk
0:00:44]} 40... Nb6 {[%clk 0:01:08]} 41. Kd3 {[%clk 0:14:10]} 1/2-1/2

[Event "DEM U12 2018"]
[Site "Willingen GER"]
[Date "2018.05.24"]
[Round "8"]
[White "Lutz, Adam"]
[Black "Weidenhöfer, Max"]
[Result "1/2-1/2"]
[Termination "normal"]
[Board "10"]
[WhiteElo "1761"]
[BlackElo "1709"]
[WhiteClock "00:24:42"]
[BlackClock "00:10:59"]
[PlyCount "56"]
[WhiteFideId "16226615"]
[BlackFideId "16230566"]
[EventCountry "GER"]
[EventRounds "11"]
[EventType "swiss"]
[EventDate "2018.05.19"]

1. e4 {[%clk 1:15:47]} 1... e6 {[%clk 1:15:48]} 2. d4 {[%clk 1:14:24]} 2... d5
{[%clk 1:16:10]} 3. exd5 {[%clk 1:12:26]} 3... exd5 {[%clk 1:16:27]} 4. Bd3 {
[%clk 1:12:47]} 4... Bd6 {[%clk 1:15:22]} 5. Ne2 {[%clk 1:12:14]} 5... Ne7 {
[%clk 1:15:02]} 6. O-O {[%clk 1:11:06]} 6... O-O {[%clk 1:13:48]} 7. Ng3 {
[%clk 1:07:08]} 7... h6 {[%clk 1:08:35]} 8. Qh5 {[%clk 1:05:19]} 8... Nd7 {
[%clk 0:56:59]} 9. Bxh6 {[%clk 1:02:42]} 9... gxh6 {[%clk 0:53:46]} 10. Qxh6 {
[%clk 1:03:04]} 10... f5 {[%clk 0:49:35]} 11. Nxf5 {[%clk 1:02:02]} 11... Nxf5
{[%clk 0:36:24]} 12. Bxf5 {[%clk 1:02:17]} 12... Rxf5 {[%clk 0:35:24]} 13. Qg6+
{[%clk 1:02:38]} 13... Kh8 {[%clk 0:35:42]} 14. Qxf5 {[%clk 1:02:44]} 14... Nf6
{[%clk 0:36:00]} 15. Qg5 {[%clk 0:55:49]} 15... Bxh2+ {[%clk 0:35:16]} 16. Kh1
{[%clk 0:56:18]} 16... Bd6 {[%clk 0:28:46]} 17. g3 {[%clk 0:55:32]} 17... Qf8 {
[%clk 0:26:22]} 18. Kg2 {[%clk 0:52:48]} 18... Nh7 {[%clk 0:17:32]} 19. Rh1 {
[%clk 0:50:46]} 19... Qf5 {[%clk 0:14:29]} 20. Qd8+ {[%clk 0:46:57]} 20... Kg7
{[%clk 0:14:18]} 21. Qh4 {[%clk 0:47:08]} 21... Be6 {[%clk 0:13:43]} 22. Nd2 {
[%clk 0:44:41]} 22... Rf8 {[%clk 0:13:39]} 23. Qh6+ {[%clk 0:44:11]} 23... Kg8
{[%clk 0:13:49]} 24. Qe3 {[%clk 0:44:07]} 24... Nf6 {[%clk 0:12:06]} 25. Rae1 {
[%clk 0:38:01]} 25... Bd7 {[%clk 0:12:21]} 26. Qh6 {[%clk 0:37:20]} 26... Nh7 {
[%clk 0:12:17]} 27. Qe3 {[%clk 0:26:27]} 27... Nf6 {[%clk 0:10:54]} 28. Qh6 {
[%clk 0:24:42]} 28... Nh7 {[%clk 0:10:59]} 1/2-1/2